USA 200 most popular B names for baby girls 2016 - Statistics

General Stats
  • This quiz has been taken 2,879 times
  • The average score is 64 of 200
Answer Stats
NAME % Correct
Brea
87%
Bria
87%
Bella
85%
Breana
82%
Breanna
82%
Briana
82%
Brianna
82%
Bryana
82%
Bryanna
82%
Beth
81%
Bea
75%
Barbara
74%
Bethanie
74%
Bethany
74%
Belle
73%
Bree
72%
Brenda
72%
Brie
72%
Bailee
71%
Baileigh
71%
Bailey
71%
Baleigh
71%
Baylee
71%
Bayleigh
71%
Bayley
71%
Betty
71%
Bonnie
70%
Britany
67%
Brithany
67%
Britney
67%
Brittany
67%
Brittney
67%
Beatrice
66%
Beatrix
66%
Beatriz
66%
Brook
65%
Brooke
65%
Billie
61%
Brookelyn
59%
Brookelynn
59%
Brooklin
59%
Brooklyn
59%
Brooklynn
59%
Brooklynne
59%
Belinda
58%
Britta
57%
Bianca
54%
Bianka
54%
Bridget
52%
Bridgette
52%
Brigid
52%
Brigitte
52%
Betsy
50%
Brandi
50%
Brandy
50%
Becky
49%
Blake
48%
Blayke
48%
Beverly
46%
Brielle
44%
Bryelle
44%
Blair
43%
Blaire
43%
Bobbi
43%
Bobbie
43%
Becca
42%
Bertha
42%
Bryn
42%
Brynn
42%
Brynne
42%
Breanne
40%
Brianne
40%
Bay
36%
Briella
36%
Berenice
34%
Bernice
34%
Beau
33%
Bernadette
33%
Brinlee
32%
Brinleigh
32%
Brinley
32%
Brinnley
32%
Brynlee
32%
Brynleigh
32%
Brynley
32%
Brynlie
32%
Brynnlee
32%
Brynnleigh
32%
Brynnley
32%
Brenna
31%
Blakelee
28%
Blakeleigh
28%
Blakeley
28%
Blakely
28%
Blakley
28%
Brady
28%
Braelyn
25%
Braelynn
25%
Brailynn
25%
Bralynn
25%
Braylen
25%
Braylin
25%
Braylyn
25%
Braylynn
25%
Brilee
25%
Brileigh
25%
Briley
25%
Brylee
25%
Bryleigh
25%
Brylie
25%
Bristol
24%
Brystal
24%
Brystol
24%
Braeleigh
23%
Brailee
23%
Brailey
23%
Braleigh
23%
Braylee
23%
Brayleigh
23%
Braylie
23%
Blanca
22%
Birdie
21%
Brailyn
21%
Blythe
18%
Briar
18%
Bronwyn
18%
Bryar
18%
Bryce
18%
Bentlee
16%
Bentley
16%
Boston
15%
Bostyn
15%
Bradlee
15%
Bradleigh
15%
Bradley
15%
Baila
14%
Bayla
14%
Bellamy
14%
Blossom
14%
Blessing
11%
Bliss
11%
Braxton
11%
Braxtyn
11%
Bennett
10%
Beckett
9%
Brienne
9%
Brighton
9%
Brooks
9%
Beautiful
8%
Berkeley
8%
Berkleigh
8%
Berkley
8%
Berlin
8%
Bodhi
8%
Baylor
7%
Bethel
7%
Belen
6%
Blakelyn
6%
Blakelynn
6%
Bowie
6%
Brantley
6%
Brilynn
6%
Brisa
6%
Brayla
5%
Brennan
5%
Brienna
5%
Brylynn
5%
Brynna
5%
Bexlee
4%
Bexleigh
4%
Bexley
4%
Brinkley
4%
Britton
4%
Breelyn
3%
Breelynn
3%
Brelynn
3%
Brenlee
3%
Brenley
3%
Brionna
3%
Brissa
3%
Batsheva
2%
Bellarose
2%
Bracha
2%
Brecken
2%
Brecklyn
2%
Breckyn
2%
Bayan
1%
Baylie
1%
Brianny
1%
Briseis
1%
Basya
0%
Berklee
0%
Betsabe
0%
Betsaida
0%
Blima
0%
Blimy
0%
Briseida
0%
Briseyda
0%
Bryndle
0%
Bushra
0%
No matching quizzes found
Score Distribution
Percent of People with Each Score
Percentile by Number Answered
Your Score History
You have not taken this quiz